Narraciones extraordinarias
שמור ב:
| מחבר ראשי: | |
|---|---|
| פורמט: | ספר |
| שפה: | ספרדית |
| יצא לאור: |
Madrid
EDAF
1985
|
| מהדורה: | 1a. ed |
| סדרה: | Biblioteca EDAF, 106
|
| נושאים: | |
| גישה מקוונת: | imagten tapa |
| תגים: |
הוספת תג
אין תגיות, היה/י הראשונ/ה לתייג את הרשומה!
|
MARC
| LEADER | 00000cam a2200000 a 4500 | ||
|---|---|---|---|
| 001 | UCE8007 | ||
| 003 | CL-VaPUC | ||
| 008 | 150728e19850000sp |||||||||||||||||spa|d | ||
| 020 | |a 8471665018 | ||
| 082 | 0 | 4 | |a 813 |b POE |2 21 |
| 100 | |a Poe, Edgar Allan |e author |9 313715 | ||
| 245 | 1 | 0 | |a Narraciones extraordinarias |
| 250 | |a 1a. ed | ||
| 300 | |a 267 p | ||
| 942 | |c BK | ||
| 945 | |d 20150728 02:04:00 |a dcastane | ||
| 260 | |a Madrid |b EDAF |c 1985 | ||
| 650 | 0 | |a Cuentos estadounidenses |9 265133 | |
| 650 | 0 | |a Literatura estadounidense |9 317168 | |
| 856 | 7 | |f UCE8007_01.jpg |u http://opac.pucv.cl/pucv_img/Img-8000/UCE8007_01.jpg |q JEPG |2 file |z imagten tapa | |
| 583 | |a last modification |c 20150728 02:04:00 |k Rodrigo Vera | ||
| 490 | 0 | |a Biblioteca EDAF, 106 | |
| 999 | |c 359964 |d 359962 | ||
| 952 | |0 0 |1 0 |3 erb |4 0 |6 813_000000000000000_POE_1985 |7 0 |8 A |9 469587 |a BIBEDU |b BIBEDU |e Villagrán Garnham, Jorge |i 5186366 |l 3 |m 1 |o 813 POE 1985 |p 5186366 |r 2024-09-27 |s 2024-09-13 |w 2019-11-23 |y BK |z Catalogado en:20150728 |k LIT | ||